| 000 | 00550nam a22001937a 4500 | ||
|---|---|---|---|
| 999 |
_c16461 _d16461 |
||
| 003 | OSt | ||
| 005 | 20170901123353.0 | ||
| 008 | 170830b xxu||||| |||| 00| 0 eng d | ||
| 040 | _cKABU | ||
| 050 |
_aPA 4414 _b.A2567 |
||
| 100 | _aSophocles | ||
| 245 |
_aThe Theban plays _ctranslated by E. F. Watling |
||
| 260 |
_aHarmondsworth _bPenguin Classics _c[1967] |
||
| 300 | _a168 p. | ||
| 650 |
_aSophocies _vTranslations into English |
||
| 650 |
_aOedipus _xmythological figure |
||
| 650 |
_aAntigone _xmythological character |
||
| 942 |
_2lcc _cBK |
||